All Gigantamax Pokémon Quiz - Statistics

General Stats
  • This quiz has been taken 959 times
    893 since last reset
  • The average score is 21 of 32
Answer Stats
Answer % Correct
Charizard
96%
Blastoise
92%
Venusaur
89%
Pikachu
88%
Cinderace
79%
Rillaboom
79%
Eevee
78%
Gengar
78%
Inteleon
78%
Butterfree
75%
Machamp
72%
Lapras
71%
Meowth
69%
Drednaw
65%
Snorlax
65%
Grimmsnarl
63%
Alcremie
62%
Duraludon
62%
Urshifu
61%
Corviknight
60%
Centiskorch
59%
Coalossal
56%
Hatterene
56%
Orbeetle
55%
Garbodor
54%
Kingler
52%
Toxtricity
51%
Flapple
50%
Appletun
49%
Copperajah
45%
Melmetal
44%
Sandaconda
44%
No matching quizzes found
Score Distribution
Percent of People with Each Score
Percentile by Number Answered
Your Score History
You have not taken this quiz since the last reset